INVESTIGATION OF POSSIBLE CAUSES FOR APPEARANCE OF A CRACK IN THE WELDED JOINT OF THE SHIP WINCH FRAME

Bibliographic Details
Main Authors: Miloš S. Matejić (Author), Ružica R. Nikolić (Author)
Format: Article
Language:English

MARC

LEADER 00000nab a2200000 a 4500
001 vtls011122730
003 SK-MaSNL
005 20260303151206.0
008 230222|2014 xo |||||||||||||||||eng|
015 |a SNBRB 
035 |a (uuid)8a412885-60ec-45dd-84cc-7e6f91ef356f 
035 |a (urnnbn)urn:nbn:sk:snk:ar-a08x6v 
035 |a urn:nbn:sk:snk-ab9upj 
040 |a SNKBUCL  |b slo  |c SNKBUCL  |e AACR2 
041 0 |a eng 
044 |a xo  |c SK 
100 1 |a Miloš S. Matejić  |4 aut  |9 1170411 
245 1 0 |a INVESTIGATION OF POSSIBLE CAUSES FOR APPEARANCE OF A CRACK IN THE WELDED JOINT OF THE SHIP WINCH FRAME  |c Miloš S. Matejić, Ružica R. Nikolić 
700 1 |a Ružica R. Nikolić  |4 aut  |9 1165109 
773 0 |t Materiálové inžinierstvo  |g Roč. 21, č. 4 (2014), s. 178-184 
958 |a OND 
958 |a EUIPO 
958 |a article13 
999 |c 2016557  |d 2018487